000 01040cam a2200313 i 4500
001 15276634
003 EG-ScBUE
005 20250227092647.0
008 080425t2013 njuadk f b 001 0 eng d
020 _a9781118097939
040 _aEG-ScBUE
_beng
_erda
_cEG-ScBUE
_dEG-ScBUE
082 0 4 _a519.57
_222
_bMON
100 1 _aMontgomery, Douglas C.,
_eauthor.
_920592
245 1 0 _aDesign and analysis of experiments /
_cDouglas C. Montgomery, Arizona State Univeresity.
250 _aEighth edition.
250 _aInternational student version.
264 1 _aHoboken, New Jersey :
_bJohn Wiley & Sons,
_c[2013]
264 4 _cc2013
300 _axvii, 730 pages :
_bcharts, forms, tables ;
_c26 cm
336 _2rdacontent
_atext
_btxt
337 _aunmediated
_2rdamedia
_bn
338 _avolume
_bnc
_2rdacarrier
500 _aIncludes appendix.
504 _aIncludes bibliographical references and index.
650 7 _aExperimental design.
_920593
_2BUEsh
653 _cOctober2011
655 _vReading book
942 _2ddc
_cBB
999 _c18784
_d18756